El legado de los Argensola / (Record no. 178880)

MARC details
000 -LEADER
campo de control de longitud fija 01121nam a2200301 4500
001 - NÚMERO DE CONTROL
campo de control 178880
003 - IDENTIFICADOR DE NÚMERO DE CONTROL
campo de control ES-MaACL
005 - FECHA Y HORA DE LA ÚLTIMA TRANSACCIÓN
campo de control 20250624194543.0
008 - DATOS DE LONGITUD FIJA--INFORMACIÓN GENERAL
campo de control de longitud fija 110727s2009 sp fh |||| |dspa d
020 ## - NÚMERO INTERNACIONAL ESTÁNDAR DEL LIBRO
Número Internacional Estándar del Libro 978-84-92774-58-6
080 ## - NÚMERO DE LA CLASIFICACIÓN DECIMAL UNIVERSAL
Número de la Clasificación Decimal Universal 929 Leonardo de Argensola, Lupercio
080 ## - NÚMERO DE LA CLASIFICACIÓN DECIMAL UNIVERSAL
Número de la Clasificación Decimal Universal 929 Leonardo de Argensola, Bartolomé
245 03 - MENCIÓN DEL TÍTULO
Título El legado de los Argensola /
Mención de responsabilidad, etc. edición de Jesús Gascón Pérez.
250 ## - MENCION DE EDICION
Mención de edición 1ª ed.
260 ## - PUBLICACIÓN, DISTRIBUCIÓN, ETC.
Lugar de publicación, distribución, etc. Zaragoza :
Nombre del editor, distribuidor, etc. Prensas Universitarias de Zaragoza [etc.],
Fecha de publicación, distribución, etc. 2009.
300 ## - DESCRIPCIÓN FÍSICA
Extensión 150 p. :
Otras características físicas facs. ;
Dimensiones 24 cm.
490 1# - MENCIÓN DE SERIE
Mención de serie Larumbe : textos aragoneses
504 ## - NOTA DE BIBLIOGRAFÍA, ETC.
Nota de bibliografía, etc. Bibliografía: p. 34-39.
600 17 - PUNTO DE ACCESO ADICIONAL DE MATERIA--NOMBRE DE PERSONA
Nombre de persona Leonardo de Argensola, Lupercio-
Subdivisión general Testamento.
9 (RLIN) 147430
600 17 - PUNTO DE ACCESO ADICIONAL DE MATERIA--NOMBRE DE PERSONA
Nombre de persona Leonardo de Argensola, Bartolomé,
Fechas asociadas al nombre 1562-1631-
Subdivisión general Testamento
Fuente del encabezamiento o término
9 (RLIN) 147431
655 #7 - TERMINO DE INDIZACIÓN--GENERO/FORMA
Fuente del término tgfbne
9 (RLIN) 226495
Datos o término principal de género/forma Facsímiles
700 1# - ENTRADA AGREGADA--NOMBRE PERSONAL
Nombre de persona Gascón Pérez, Jesús.
9 (RLIN) 147432
830 0# - PUNTO DE ACCESO ADICIONAL DE SERIE-TÍTULO UNIFORME
Título uniforme Larumbe : textos aragoneses
9 (RLIN) 191699
852 ## - LOCALIZACIÓN
Ubicación ES-MaACL
itemnumber 185745
Sublocalización o colección R.145781
Número de control de estantería A-11376
Signatura antigua Olim: N-4380
Ubicación en estantería Depósito 1
942 ## - ELEMENTOS DE ENTRADA SECUNDARIOS (KOHA)
Fuente del sistema de clasificación o colocación Clasificación decimal universal
Tipo de ítem Koha Libro impreso
Holdings
Estatus retirado Estado de pérdida Fuente del sistema de clasificación o colocación Estado de daño No para préstamo Biblioteca de origen Biblioteca actual Ubicación en estantería Fecha de adquisición Fuente de adquisición Total de préstamos Signatura topográfica completa Código de barras Visto por última vez Precio de reemplazo Tipo de ítem Koha
    Clasificación decimal universal     Biblioteca del Ateneo de Madrid Biblioteca del Ateneo de Madrid Depósito 1 27/07/2011 Donación   A-11376 1187901 23/02/2023 23/02/2023 Libro impreso